[Event "SG Niederkassel. 1 - Gütersloher SV 1"]
[Site "NRW-Klasse, Gruppe 2 2012/201"]
[Date "2013.04.07"]
[Round "8.1"]
[White "Ebert, Manuel"]
[Black "Seel, Christian"]
[Result "0-1"]
[WhiteElo "2105"]
[BlackElo "2444"]
[PlyCount "62"]
[EventDate "2013.??.??"]
[WhiteTeam "Gütersloher SV 1"]
[BlackTeam "SG Niederkassel. 1"]

1. e4 e5 2. Nf3 d6 3. Bc4 Nf6 4. d3 Be7 5. c3 O-O 6. Nbd2 Nc6 7. O-O h6 8. Re1
Nh7 9. Nf1 Ng5 10. Ne3 Kh8 11. b4 Nxf3+ 12. Qxf3 Bg5 13. Qh5 g6 14. Qe2 Kh7 15.
Bb3 f5 16. exf5 gxf5 17. b5 Ne7 18. d4 e4 19. g3 Ng6 20. h4 Bxh4 21. gxh4 Nf4
22. Qd2 Qxh4 23. Nf1 Nh3+ 24. Kg2 Ng5 25. Nh2 f4 26. f3 Bh3+ 27. Kg1 exf3 28.
Re7+ Kg6 29. Qf2 Qg3+ 30. Qxg3 fxg3 31. Bxg5 f2+ 0-1

[Event "SG Niederkassel. 1 - Gütersloher SV 1"]
[Site "NRW-Klasse, Gruppe 2 2012/201"]
[Date "2013.04.07"]
[Round "8.2"]
[White "Stanetzek, Carsten"]
[Black "Peter, Sebastian"]
[Result "1/2-1/2"]
[WhiteElo "2185"]
[BlackElo "2028"]
[PlyCount "38"]
[EventDate "2013.??.??"]
[WhiteTeam "SG Niederkassel. 1"]
[BlackTeam "Gütersloher SV 1"]

1. e4 c5 2. Nf3 Nc6 3. Bb5 e6 4. O-O Nge7 5. Re1 a6 6. Bxc6 Nxc6 7. d4 cxd4 8.
Nxd4 Bc5 9. Nb3 Be7 10. c4 O-O 11. Nc3 d6 12. Be3 b6 13. Nd4 Nxd4 14. Qxd4 Rb8
15. Red1 Qc7 16. Rac1 Rd8 17. b3 Bd7 18. Qd2 Qb7 19. Bg5 Bc6 1/2-1/2

[Event "SG Niederkassel. 1 - Gütersloher SV 1"]
[Site "NRW-Klasse, Gruppe 2 2012/201"]
[Date "2013.04.07"]
[Round "8.3"]
[White "Scharnowski, Tobias"]
[Black "Riedel, Holger"]
[Result "1/2-1/2"]
[WhiteElo "2011"]
[BlackElo "2171"]
[PlyCount "49"]
[EventDate "2013.??.??"]
[WhiteTeam "Gütersloher SV 1"]
[BlackTeam "SG Niederkassel. 1"]

1. e4 e6 2. d4 d5 3. Nd2 Be7 4. Bd3 c5 5. dxc5 Nd7 6. Ngf3 Nxc5 7. e5 f5 8. Nd4
Nh6 9. Qe2 Bd7 10. N2b3 Nxd3+ 11. cxd3 Bb4+ 12. Bd2 Bxd2+ 13. Qxd2 Nf7 14. O-O
O-O 15. f4 Qb6 16. Qa5 Rfc8 17. Rac1 Qxa5 18. Nxa5 Nd8 19. Nab3 b6 20. Kf2 Nb7
21. Ke3 Nc5 22. Rf2 Na4 23. Rfc2 Rxc2 24. Rxc2 Rc8 25. Kd2 1/2-1/2

[Event "SG Niederkassel. 1 - Gütersloher SV 1"]
[Site "NRW-Klasse, Gruppe 2 2012/201"]
[Date "2013.04.07"]
[Round "8.4"]
[White "Mende, Andreas"]
[Black "Plaßmann, Dominik"]
[Result "1/2-1/2"]
[WhiteElo "2165"]
[BlackElo "2040"]
[Annotator "Doe,John"]
[PlyCount "67"]
[EventDate "2013.??.??"]
[WhiteTeam "SG Niederkassel. 1"]
[BlackTeam "Gütersloher SV 1"]

1. d4 Nf6 2. c4 g6 3. g3 Bg7 4. Bg2 O-O 5. Nc3 d6 6. Nf3 Nbd7 7. O-O e5 8. e4
c6 9. h3 Qc7 10. Be3 Re8 11. Qc2 exd4 12. Nxd4 Nc5 13. Rad1 Ne6 14. b3 Bd7 15.
Nxe6 Rxe6 16. Rfe1 Qa5 17. Ne2 Rd8 18. Nf4 Ree8 19. Bd2 Qb6 20. Bc3 Be6 21. Qb2
Nh5 22. Nxh5 Bxc3 23. Qxc3 gxh5 24. Qf6 Qa5 25. Re2 Qe5 26. Qxe5 dxe5 27. Red2
Rxd2 28. Rxd2 h4 $11 29. gxh4 Kg7 30. Kh2 Kf6 31. Bf3 Rg8 32. Be2 c5 33. Rd3 h6
34. Rf3+ 1/2-1/2

[Event "SG Niederkassel. 1 - Gütersloher SV 1"]
[Site "NRW-Klasse, Gruppe 2 2012/201"]
[Date "2013.04.07"]
[Round "8.5"]
[White "Hanhoerster, Stephan"]
[Black "Schracke, Guido"]
[Result "1/2-1/2"]
[WhiteElo "2115"]
[BlackElo "2079"]
[PlyCount "106"]
[EventDate "2013.??.??"]
[WhiteTeam "Gütersloher SV 1"]
[BlackTeam "SG Niederkassel. 1"]

1. d4 Nf6 2. Nc3 c5 3. d5 d6 4. e4 g6 5. h4 a6 6. a4 Bg7 7. Be2 h5 8. Nf3 Nbd7
9. Ng5 Nf8 10. Bf4 Qc7 11. Qd3 Ng4 12. Qf3 f6 13. Nh3 Bd7 14. Qg3 Rb8 15. Bd2
b5 16. axb5 axb5 17. Nf4 Ne5 18. Nxh5 gxh5 19. Qxg7 Neg6 20. f4 Rh7 21. Qg8 b4
22. Nd1 e6 23. Qxh7 Nxh7 24. Bxh5 Ke7 25. Bxg6 Rh8 26. Ne3 Nf8 27. dxe6 Bxe6
28. Bf5 Qb7 29. O-O Rxh4 30. Bxe6 Kxe6 31. f5+ Kf7 32. Nc4 Kg8 33. Nxd6 Qc6 34.
Bf4 Nh7 35. Rad1 c4 36. Rf3 Ng5 37. Bxg5 fxg5 38. c3 bxc3 39. bxc3 Qb6+ 40. Rd4
g4 41. Nxc4 Qc7 42. Re3 Qh2+ 43. Kf2 Qf4+ 44. Ke2 Rh2 45. Rd8+ Kh7 46. Kd3 Rxg2
47. Re1 Rh2 48. Ra1 Rh3+ 49. Kd4 Qf2+ 50. Ke5 Qc5+ 51. Kf4 Qf2+ 52. Ke5 Qc5+
53. Kf4 Qf2+ 1/2-1/2

[Event "SG Niederkassel. 1 - Gütersloher SV 1"]
[Site "NRW-Klasse, Gruppe 2 2012/201"]
[Date "2013.04.07"]
[Round "8.6"]
[White "Bussard, Christian"]
[Black "Grochtmann, Stephan"]
[Result "1-0"]
[WhiteElo "2112"]
[BlackElo "2037"]
[PlyCount "53"]
[EventDate "2013.??.??"]
[WhiteTeam "SG Niederkassel. 1"]
[BlackTeam "Gütersloher SV 1"]

1. d4 d5 2. Nf3 Bf5 3. c4 e6 4. Nc3 c6 5. e3 Nf6 6. cxd5 exd5 7. Bd3 Bxd3 8.
Qxd3 Bd6 9. a3 a5 10. Rb1 Qe7 11. O-O O-O 12. Na2 Nbd7 13. b4 axb4 14. Nxb4 Ne4
15. Nd2 f5 16. f4 Bxb4 17. Rxb4 Nxd2 18. Bxd2 Nf6 19. Rb3 Rf7 20. Rfb1 b5 21.
Rc1 Ra6 22. Qxf5 Nd7 23. Qc2 Qh4 24. Rxb5 Rf6 25. Rb7 Rh6 26. h3 Nf6 27. Qf5
1-0

[Event "SG Niederkassel. 1 - Gütersloher SV 1"]
[Site "NRW-Klasse, Gruppe 2 2012/201"]
[Date "2013.04.07"]
[Round "8.7"]
[White "Krueger, Tim"]
[Black "Rybarczyk, Klaus"]
[Result "0-1"]
[WhiteElo "2030"]
[BlackElo "2088"]
[PlyCount "104"]
[EventDate "2013.??.??"]
[WhiteTeam "Gütersloher SV 1"]
[BlackTeam "SG Niederkassel. 1"]

1. d4 Nf6 2. Nf3 g6 3. Nc3 d5 4. Bf4 Bg7 5. e3 O-O 6. Ne5 Nh5 7. Bg5 c6 8. Be2
f6 9. g4 fxe5 10. gxh5 h6 11. Bh4 g5 12. Bg3 exd4 13. exd4 Qb6 14. Na4 Qxd4 15.
Qxd4 Bxd4 16. c3 Bg7 17. Nc5 e5 18. O-O-O b6 19. Nd3 Nd7 20. h4 Bf6 21. Rdg1
Kh8 22. Bg4 Re8 23. hxg5 hxg5 24. h6 Nc5 25. Be2 Nxd3+ 26. Bxd3 e4 27. Be2 Bf5
28. Re1 d4 29. cxd4 Bxd4 30. Bh5 Red8 31. Bf7 Rd7 32. Bb3 Re8 33. Bc2 Bh7 34.
Re2 Rde7 35. Rhe1 Bg6 36. f3 Kh7 37. fxe4 Kxh6 38. Rh1+ Kg7 39. Rhe1 Re6 40. a3
Rf8 41. Bb3 Ree8 42. Bd6 Rf3 43. Bc2 Bf2 44. Rd1 g4 45. Bb4 g3 46. Bc3+ Kg8 47.
Be1 Re3 48. Rdd2 Rxe2 49. Rxe2 Rf8 50. Bb3+ Kh7 51. Bc4 Bh5 52. Bxf2 Bxe2 0-1

[Event "SG Niederkassel. 1 - Gütersloher SV 1"]
[Site "NRW-Klasse, Gruppe 2 2012/201"]
[Date "2013.04.07"]
[Round "8.8"]
[White "Guelsen, Taylan"]
[Black "Janyska, Dennis"]
[Result "1/2-1/2"]
[WhiteElo "2047"]
[BlackElo "1962"]
[PlyCount "58"]
[EventDate "2013.??.??"]
[WhiteTeam "SG Niederkassel. 1"]
[BlackTeam "Gütersloher SV 1"]

1. c4 Nf6 2. Nc3 c5 3. g3 e6 4. Bg2 Be7 5. Nf3 O-O 6. O-O a6 7. d4 cxd4 8. Nxd4
Qc7 9. Qd3 Nc6 10. b3 d6 11. Nxc6 bxc6 12. e4 a5 13. Re1 e5 14. Bb2 Nd7 15. Na4
Nb6 16. Nxb6 Qxb6 17. Rac1 f6 18. c5 dxc5 19. Qc4+ Kh8 20. Ba3 a4 21. Bxc5 Bxc5
22. Qxc5 Qxc5 23. Rxc5 axb3 24. axb3 Rb8 25. Rb1 Rb6 26. Bf1 Be6 27. Bc4 Bxc4
28. Rxc4 Rfb8 29. b4 Kg8 1/2-1/2

[Event "SK KS Iserlohn 1 - SK Herne-Sodingen 1"]
[Site "NRW-Klasse, Gruppe 2 2012/201"]
[Date "2013.04.07"]
[Round "8.1"]
[White "Langers, Alexander"]
[Black "Scheider, Julian"]
[Result "1-0"]
[WhiteElo "2156"]
[BlackElo "2335"]
[Annotator "Doe,John"]
[PlyCount "121"]
[EventDate "2013.??.??"]
[WhiteTeam "SK Herne-Sodingen 1"]
[BlackTeam "SK KS Iserlohn 1"]

1. e4 c6 2. d4 d5 3. Nc3 dxe4 4. Nxe4 Bf5 5. Ng3 Bg6 6. h4 h6 7. Nf3 Nd7 8. h5
Bh7 9. Bd3 Bxd3 10. Qxd3 e6 11. Bd2 Ngf6 12. O-O-O Be7 13. Kb1 O-O 14. Qe2 Re8
15. Ne5 Qc7 16. Nxd7 Qxd7 17. Bc1 a5 18. Ne4 Nxe4 19. Qxe4 Qd5 20. Qxd5 cxd5
21. c3 b5 22. Kc2 Rac8 23. Kd3 Bg5 24. f4 Be7 25. g4 f6 26. Rde1 Kf7 27. f5 Bd6
28. fxe6+ Rxe6 29. Rxe6 Kxe6 30. Re1+ Kd7 31. Bd2 Rf8 32. Rf1 Re8 33. Re1 Rf8
34. Rf1 Bg3 35. b3 Rc8 36. Rc1 Bd6 37. Re1 Ra8 38. c4 dxc4+ 39. bxc4 bxc4+ 40.
Kxc4 Rc8+ 41. Kd5 Rc2 42. Bxa5 Rxa2 43. Bb6 Rg2 $11 44. Ra1 Be7 45. Ra7+ Ke8
46. Ke6 Re2+ 47. Kf5 Rf2+ 48. Kg6 f5 49. Ra8+ Kd7 50. gxf5 Bf6 51. Bc5 Kc6 52.
Ra5 Rg2+ 53. Kf7 Rh2 54. d5+ Kb7 55. Ra7+ Kc8 56. Ke6 Rxh5 57. Kd6 Rxf5 58. Kc6
Kd8 59. Rf7 Re5 60. Bd4 Re1 61. Rf8+ 1-0

[Event "SK KS Iserlohn 1 - SK Herne-Sodingen 1"]
[Site "NRW-Klasse, Gruppe 2 2012/201"]
[Date "2013.04.07"]
[Round "8.2"]
[White "Naundorf, Maik"]
[Black "Schippan, Bernhard"]
[Result "1/2-1/2"]
[WhiteElo "2062"]
[BlackElo "2148"]
[PlyCount "39"]
[EventDate "2013.??.??"]
[WhiteTeam "SK KS Iserlohn 1"]
[BlackTeam "SK Herne-Sodingen 1"]

1. Nf3 Nf6 2. c4 g6 3. g3 Bg7 4. Bg2 O-O 5. O-O d6 6. d4 c5 7. dxc5 dxc5 8. Ne5
Nfd7 9. Nd3 Nc6 10. Nc3 Nce5 11. Nxe5 Nxe5 12. Qb3 Nc6 13. Be3 Nd4 14. Bxd4
cxd4 15. Rfd1 Bd7 16. Qxb7 Rb8 17. Qxa7 Rxb2 18. Nb5 Bxb5 19. cxb5 Rxb5 20. a4
1/2-1/2

[Event "SK KS Iserlohn 1 - SK Herne-Sodingen 1"]
[Site "NRW-Klasse, Gruppe 2 2012/201"]
[Date "2013.04.07"]
[Round "8.3"]
[White "Wickenfeld, Stefan"]
[Black "Messarius, Juergen"]
[Result "1-0"]
[WhiteElo "2047"]
[BlackElo "2197"]
[PlyCount "87"]
[EventDate "2013.??.??"]
[WhiteTeam "SK Herne-Sodingen 1"]
[BlackTeam "SK KS Iserlohn 1"]

1. d4 d6 2. Nf3 f5 3. g3 g6 4. Bg2 Nh6 5. h4 Nf7 6. h5 Bg7 7. Nc3 Nc6 8. e4 e5
9. hxg6 hxg6 10. Rxh8+ Bxh8 11. d5 Nd4 12. Nh4 Qf6 13. Ne2 g5 14. Nxd4 exd4 15.
Nxf5 Bxf5 16. exf5 O-O-O 17. Qe2 Ne5 18. f4 gxf4 19. Bxf4 d3 20. Bxe5 dxe5 21.
Qxd3 e4 22. Qxe4 Qxb2 23. Rd1 Be5 24. Kf2 Qc3 25. Bf3 Bd6 26. Re1 Qd2+ 27. Re2
Qg5 28. Bg4 Kb8 29. Kf3 a6 30. Qe3 Qg7 31. Qe6 Qc3+ 32. Qe3 Qh8 33. Kg2 Rg8 34.
Qf3 Qh6 35. f6 Rh8 36. Kf1 Qc1+ 37. Re1 Qxc2 38. f7 Qc4+ 39. Qe2 Rh1+ 40. Kg2
Qxd5+ 41. Bf3 Qxf7 42. Rxh1 Qg7 43. Qf2 Qg6 44. Rh8+ 1-0

[Event "SK KS Iserlohn 1 - SK Herne-Sodingen 1"]
[Site "NRW-Klasse, Gruppe 2 2012/201"]
[Date "2013.04.07"]
[Round "8.4"]
[White "Schmuecker, Marcus"]
[Black "Waldschmidt, Georg"]
[Result "1/2-1/2"]
[WhiteElo "2206"]
[BlackElo "2208"]
[Annotator "Doe,John"]
[PlyCount "96"]
[EventDate "2013.??.??"]
[WhiteTeam "SK KS Iserlohn 1"]
[BlackTeam "SK Herne-Sodingen 1"]

1. Nf3 Nf6 2. c4 e6 3. g3 c5 4. Bg2 Nc6 5. O-O d5 6. cxd5 exd5 7. d4 Be7 8. Nc3
O-O 9. b3 Re8 10. Bb2 Bg4 11. dxc5 Bxc5 12. Rc1 Bf8 13. h3 Bf5 14. a3 Qd7 15.
Kh2 Rad8 16. Nd4 Bg6 17. Nxc6 bxc6 18. b4 h5 19. e3 h4 20. g4 Bd6+ 21. Kg1 Bc7
22. Ne2 Qd6 23. Nf4 Be4 24. Qd4 Bb6 25. Qd2 Bxg2 26. Kxg2 Ne4 27. Qc2 Rc8 28.
Nh5 Bc7 29. Rh1 g6 30. Nf4 Bb6 31. Nd3 Ng5 32. Nc5 d4 33. e4 Qe5 34. Rce1 Rcd8
35. Bc1 Bxc5 36. Bxg5 $11 Qxg5 37. bxc5 d3 38. Qc3 Qf4 39. Re3 d2 40. Rd1 Rxe4
41. Rxd2 Rxd2 42. Qxd2 Rxe3 $11 43. Qxe3 Qxe3 44. fxe3 f5 45. Kf3 Kf7 46. e4
fxe4+ 47. Kxe4 Kf6 48. Kd4 Ke6 1/2-1/2

[Event "SK KS Iserlohn 1 - SK Herne-Sodingen 1"]
[Site "NRW-Klasse, Gruppe 2 2012/201"]
[Date "2013.04.07"]
[Round "8.5"]
[White "Becker, Joerg"]
[Black "Klauke, Stefan"]
[Result "1/2-1/2"]
[WhiteElo "2170"]
[BlackElo "2090"]
[PlyCount "107"]
[EventDate "2013.??.??"]
[WhiteTeam "SK Herne-Sodingen 1"]
[BlackTeam "SK KS Iserlohn 1"]

1. c4 Nc6 2. Nc3 Nf6 3. g3 e5 4. Bg2 Be7 5. Nf3 O-O 6. O-O d6 7. d4 Bg4 8. dxe5
dxe5 9. Qa4 Nd7 10. Rd1 Qc8 11. Nd5 Bd6 12. Ng5 Bf5 13. e4 Bg4 14. f3 Bh5 15.
g4 Bg6 16. Be3 Nc5 17. Qc2 a5 18. Qf2 b6 19. Nxb6 cxb6 20. Rxd6 h6 21. Bxc5
bxc5 22. Qxc5 Nd4 23. Qxe5 Ne2+ 24. Kf2 hxg5 25. Kxe2 Qxc4+ 26. Kf2 Qc2+ 27.
Kg3 Rab8 28. Rad1 Qxb2 29. Qxa5 Rb5 30. Qd2 Qe5+ 31. Kh3 Kh7 32. Rd5 Rxd5 33.
Qxd5 Qf4 34. Qd6 Qxd6 35. Rxd6 Ra8 36. Rd2 Ra3 37. Kg3 Bxe4 38. Rd4 Bb1 39. Rd1
Bxa2 40. Ra1 Ra4 41. Bf1 Bb3 42. Bd3+ g6 43. Rc1 Bd5 44. Rc5 Rd4 45. Bb5 Kh6
46. Kf2 Be6 47. Re5 Rd2+ 48. Be2 Bc4 49. Ke1 Rxe2+ 50. Rxe2 Bxe2 51. Kxe2 Kg7
52. Ke3 Kf6 53. f4 gxf4+ 54. Kxf4 1/2-1/2

[Event "SK KS Iserlohn 1 - SK Herne-Sodingen 1"]
[Site "NRW-Klasse, Gruppe 2 2012/201"]
[Date "2013.04.07"]
[Round "8.6"]
[White "Franke, Thomas"]
[Black "Trzaska, Peter"]
[Result "1/2-1/2"]
[WhiteElo "2028"]
[BlackElo "2072"]
[PlyCount "28"]
[EventDate "2013.??.??"]
[WhiteTeam "SK KS Iserlohn 1"]
[BlackTeam "SK Herne-Sodingen 1"]

1. e4 c6 2. d4 d5 3. exd5 cxd5 4. c4 Nf6 5. Nc3 g6 6. cxd5 Bg7 7. Bb5+ Nbd7 8.
d6 exd6 9. Qe2+ Qe7 10. Bf4 Qxe2+ 11. Bxe2 d5 12. Bf3 O-O 13. Nge2 Nb6 14. O-O
Bd7 1/2-1/2

[Event "SK KS Iserlohn 1 - SK Herne-Sodingen 1"]
[Site "NRW-Klasse, Gruppe 2 2012/201"]
[Date "2013.04.07"]
[Round "8.7"]
[White "Schriewer, Thomas"]
[Black "Kramps, Rene"]
[Result "0-1"]
[WhiteElo "1988"]
[BlackElo "2010"]
[Annotator "Doe,John"]
[PlyCount "58"]
[EventDate "2013.??.??"]
[WhiteTeam "SK Herne-Sodingen 1"]
[BlackTeam "SK KS Iserlohn 1"]

1. d4 c5 2. d5 f5 3. c4 Nf6 4. g3 g6 5. Bg2 Bg7 6. Nc3 O-O 7. Nf3 d6 8. O-O Na6
9. Rb1 Bd7 10. Ne1 Rb8 11. Nd3 b5 12. cxb5 Bxb5 13. Nf4 Bd7 14. b3 Ne8 15. Bd2
Nec7 16. Rc1 Nb5 $11 17. Nxb5 Rxb5 18. h4 Qe8 19. Bf3 Rb7 20. Bc3 Bxc3 21. Rxc3
Nc7 22. a4 Qf7 23. Ne6 Rfb8 24. h5 Ne8 25. hxg6 hxg6 26. Qc2 Rb4 27. Kg2 Bxe6
28. dxe6 Qxe6 29. Rd3 Nf6 0-1

[Event "SK KS Iserlohn 1 - SK Herne-Sodingen 1"]
[Site "NRW-Klasse, Gruppe 2 2012/201"]
[Date "2013.04.07"]
[Round "8.8"]
[White "Schwanbeck, Christoph"]
[Black "Reinholz, Benjamin"]
[Result "1-0"]
[WhiteElo "1936"]
[BlackElo "1973"]
[PlyCount "133"]
[EventDate "2013.??.??"]
[WhiteTeam "SK KS Iserlohn 1"]
[BlackTeam "SK Herne-Sodingen 1"]

1. Nf3 Nf6 2. d4 d5 3. Bf4 Bf5 4. c4 e6 5. e3 Bxb1 6. Rxb1 Bb4+ 7. Ke2 O-O 8.
c5 Nbd7 9. a3 Bxc5 10. dxc5 Ne4 11. Ne5 Ndxc5 12. f3 f6 13. Nd3 Nxd3 14. Qxd3
Nc5 15. Qc2 e5 16. Bxe5 Qe7 17. Bd4 Ne6 18. Kf2 Rfe8 19. Qd2 Rad8 20. b4 f5 21.
g3 g5 22. Bd3 Rf8 23. Rbe1 b6 24. Ba1 Qd6 25. Bb1 Rf7 26. Ba2 Kf8 27. f4 c5 28.
Be5 Qc6 29. Rc1 Rfd7 30. Qc2 Rf7 31. Qe2 g4 32. h3 h5 33. hxg4 hxg4 34. Rh6 Ke7
35. Rd1 c4 36. Qe1 Qa4 37. Bxc4 dxc4 38. Rxe6+ Kxe6 39. Rxd8 Rh7 40. Qd1 Rh2+
41. Kg1 Qxd1+ 42. Rxd1 Ra2 43. Ra1 Re2 44. Bd4 Kd5 45. Kf1 Rc2 46. Rb1 Ke4 47.
Rb2 Rc1+ 48. Ke2 Rg1 49. Kf2 Rc1 50. Rd2 Rh1 51. b5 Rh2+ 52. Ke1 Rh1+ 53. Ke2
Rh2+ 54. Kd1 Rh1+ 55. Kc2 Kf3 56. a4 Rh7 57. Kc3 Kxg3 58. Kxc4 Kf3 59. Kd5 g3
60. Ke5 g2 61. Rxg2 Kxg2 62. Kxf5 Kf3 63. Kg6 Rh3 64. f5 Ke4 65. f6 Kd5 66. f7
Rf3 67. Bf6 1-0

[Event "Herforder SV KS 1 - SG Solingen 3"]
[Site "NRW-Klasse, Gruppe 2 2012/201"]
[Date "2013.04.07"]
[Round "8.1"]
[White "Gupta, Milon"]
[Black "Nordsieck, Thomas"]
[Result "1-0"]
[WhiteElo "2226"]
[BlackElo "2245"]
[PlyCount "73"]
[EventDate "2013.??.??"]
[WhiteTeam "SG Solingen 3"]
[BlackTeam "Herforder SV KS 1"]

1. d4 Nf6 2. c4 c5 3. d5 b5 4. Qc2 bxc4 5. e4 g6 6. Bxc4 d6 7. h3 Bg7 8. Nf3
O-O 9. O-O Nbd7 10. Re1 Nb6 11. Bf1 Rb8 12. Nc3 Bb7 13. Bf4 Ne8 14. Qd2 f6 15.
Rab1 Nc7 16. b4 cxb4 17. Rxb4 f5 18. Bh6 fxe4 19. Bxg7 Kxg7 20. Ng5 Rf5 21. g4
Re5 22. Rbxe4 Rxe4 23. Rxe4 Qf8 24. Qd4+ e5 25. dxe6+ Qf6 26. Qxd6 Rc8 27. Re5
Ne8 28. Qd4 Rd8 29. Qe3 h6 30. Nf7 Nd5 31. Qxh6+ Kg8 32. Rg5 Nf4 33. Nxd8 Qxd8
34. Rxg6+ Nxg6 35. Qxg6+ Ng7 36. Qf7+ Kh8 37. Qxb7 1-0

[Event "Herforder SV KS 1 - SG Solingen 3"]
[Site "NRW-Klasse, Gruppe 2 2012/201"]
[Date "2013.04.07"]
[Round "8.2"]
[White "Pieper-Emden, Carsten"]
[Black "Hobusch, Alexander"]
[Result "1/2-1/2"]
[WhiteElo "2177"]
[BlackElo "2188"]
[Annotator "Doe,John"]
[PlyCount "120"]
[EventDate "2013.??.??"]
[WhiteTeam "Herforder SV KS 1"]
[BlackTeam "SG Solingen 3"]

1. d4 d5 2. Nf3 Nf6 3. Bf4 c5 4. e3 Nc6 5. c3 g6 6. h3 Bg7 7. Be2 O-O 8. O-O
Re8 9. Nbd2 Qb6 10. Qb3 Qxb3 11. axb3 cxd4 12. exd4 h6 13. b4 g5 14. Bh2 g4 15.
hxg4 Nxg4 16. Bg3 e5 17. dxe5 Ncxe5 18. Bb5 Bd7 19. Nd4 a6 20. Bxd7 Nxd7 21.
N2f3 Rad8 22. Rfe1 Nde5 23. Nxe5 Nxe5 24. Bxe5 Rxe5 25. Rxe5 Bxe5 26. Rd1 Bxd4
27. Rxd4 Kg7 28. Kf1 Kf6 $11 29. Ke2 Ke5 30. Rh4 Rd6 31. Rh5+ Kf4 32. Kd3 f5
33. Kd4 Kg4 34. Rh3 Re6 35. Rg3+ Kh5 36. Kxd5 Re2 37. Rf3 Rxb2 38. Rxf5+ Kg6
39. Rf3 a5 40. bxa5 Rb5+ 41. Kd4 Rxa5 42. Rf8 Ra2 43. g3 h5 44. Ke3 Rc2 45. Rc8
Kf6 46. f3 Rg2 47. Kf4 Rc2 48. Rc7 Kg6 49. c4 Kf6 50. Ke4 Rc3 51. c5 Ke6 52. g4
hxg4 53. fxg4 Rc4+ 54. Kf3 Kf6 55. Kg3 Kg5 56. Kf3 Kf6 57. Ke3 Rxg4 58. Rxb7
Ke6 59. Rh7 Kd5 60. Rh5+ Kc6 1/2-1/2

[Event "Herforder SV KS 1 - SG Solingen 3"]
[Site "NRW-Klasse, Gruppe 2 2012/201"]
[Date "2013.04.07"]
[Round "8.3"]
[White "Hubert, Ralf"]
[Black "Peist, Juergen"]
[Result "0-1"]
[WhiteElo "2252"]
[BlackElo "2201"]
[PlyCount "74"]
[EventDate "2013.??.??"]
[WhiteTeam "SG Solingen 3"]
[BlackTeam "Herforder SV KS 1"]

1. d4 e6 2. g3 c5 3. Nf3 b5 4. Bg2 Bb7 5. O-O Nf6 6. Nbd2 cxd4 7. Nb3 Qb6 8.
Qxd4 Qc7 9. Bf4 d6 10. Rfd1 e5 11. Nxe5 Bxg2 12. Kxg2 dxe5 13. Bxe5 Qb7+ 14.
Kg1 Nc6 15. Qf4 Nxe5 16. Qxe5+ Be7 17. Nd4 O-O 18. Qxb5 Qxb5 19. Nxb5 Rab8 20.
Nxa7 Rxb2 21. Nc6 Bc5 22. Rdb1 Rxc2 23. Rc1 Rxc1+ 24. Rxc1 Ne4 25. e3 f5 26.
Rc4 Kf7 27. g4 Ke6 28. gxf5+ Kd5 29. Ra4 Nc3 30. Ra6 Rxf5 31. Nd8 Ke4 32. Ne6
Kf3 33. Ra5 Rd5 34. h4 Ne2+ 35. Kh1 Rd1+ 36. Kh2 Bd6+ 37. Nf4 Nxf4 0-1

[Event "Herforder SV KS 1 - SG Solingen 3"]
[Site "NRW-Klasse, Gruppe 2 2012/201"]
[Date "2013.04.07"]
[Round "8.4"]
[White "Wolf, Andre"]
[Black "Fichtner, Ewald"]
[Result "1-0"]
[WhiteElo "2136"]
[BlackElo "1999"]
[PlyCount "65"]
[EventDate "2013.??.??"]
[WhiteTeam "Herforder SV KS 1"]
[BlackTeam "SG Solingen 3"]

1. e4 c6 2. c4 d5 3. cxd5 cxd5 4. exd5 Nf6 5. Nc3 Nxd5 6. Nf3 e6 7. Bc4 Be7 8.
O-O O-O 9. d4 Nc6 10. Re1 a6 11. a3 b5 12. Ba2 Nxc3 13. bxc3 Bb7 14. Qd3 Bf6
15. h4 Ne7 16. Ng5 g6 17. h5 Nd5 18. Ne4 Bg7 19. hxg6 hxg6 20. Bg5 Qc7 21. Nc5
Bc6 22. Qd2 Qd6 23. Ne4 Qd7 24. Rad1 Rfc8 25. f3 a5 26. Bxd5 Qxd5 27. Nf6+ Bxf6
28. Bxf6 Qf5 29. Be7 f6 30. Qh6 Ra7 31. Rxe6 Kf7 32. Rde1 Qh5 33. Rxf6+ 1-0

[Event "Herforder SV KS 1 - SG Solingen 3"]
[Site "NRW-Klasse, Gruppe 2 2012/201"]
[Date "2013.04.07"]
[Round "8.5"]
[White "Peschel, Andreas"]
[Black "Loemker, Michael"]
[Result "0-1"]
[WhiteElo "2156"]
[BlackElo "2071"]
[PlyCount "90"]
[EventDate "2013.??.??"]
[WhiteTeam "SG Solingen 3"]
[BlackTeam "Herforder SV KS 1"]

1. d4 g6 2. e4 Bg7 3. Be3 d6 4. Qd2 c6 5. Bd3 Nf6 6. f3 h5 7. Ne2 O-O 8. Na3
Nbd7 9. c3 e5 10. O-O d5 11. Bg5 Qa5 12. exd5 cxd5 13. Bc2 a6 14. Bb3 exd4 15.
Nxd4 Nc5 16. Bxf6 Bxf6 17. Bc2 Qb6 18. Rab1 Ne6 19. Rfd1 Kg7 20. Bb3 Nxd4 21.
cxd4 Be6 22. Rbc1 Rac8 23. Rc3 Rxc3 24. bxc3 Rc8 25. Nc2 Qd6 26. Nb4 Bd8 27.
Qe3 a5 28. Nd3 Rxc3 29. Qe1 Rc8 30. Nc5 Bc7 31. Nxe6+ fxe6 32. g3 h4 33. f4
hxg3 34. hxg3 Bd8 35. Qe3 Bf6 36. Kg2 Qc6 37. Rd3 Kf7 38. Bd1 Qc1 39. Qxc1 Rxc1
40. Kf3 b5 41. Ke3 Be7 42. Kd2 Ra1 43. a4 bxa4 44. Kc3 Ra2 45. Rf3 Bb4+ 0-1

[Event "Herforder SV KS 1 - SG Solingen 3"]
[Site "NRW-Klasse, Gruppe 2 2012/201"]
[Date "2013.04.07"]
[Round "8.6"]
[White "Quelle, Helmut"]
[Black "Auer, Martin"]
[Result "1/2-1/2"]
[WhiteElo "2086"]
[BlackElo "2189"]
[PlyCount "128"]
[EventDate "2013.??.??"]
[WhiteTeam "Herforder SV KS 1"]
[BlackTeam "SG Solingen 3"]

1. Nf3 Nf6 2. g3 b6 3. Bg2 Bb7 4. O-O c5 5. c4 e6 6. Nc3 Be7 7. Re1 d6 8. e4
Nbd7 9. d4 cxd4 10. Nxd4 Qc7 11. Be3 Rc8 12. Rc1 O-O 13. f4 Rfe8 14. b3 Qb8 15.
Bf2 Qa8 16. Re3 a6 17. Qe2 Bf8 18. Rd1 g6 19. Nc2 b5 20. cxb5 axb5 21. b4 Nb6
22. Red3 Nc4 23. Rb1 e5 24. fxe5 Nxe5 25. Bd4 Nxd3 26. Bxf6 Ne5 27. Rb3 d5 28.
Nd4 Nd7 29. Bg5 dxe4 30. Ndxb5 Nb6 31. Ra3 Ba6 32. Nxe4 Nd5 33. Qf2 Qb8 34.
Rxa6 Qxb5 35. Ra5 Qxb4 36. Rxd5 Qb1+ 37. Qf1 Qb6+ 38. Qf2 Qxf2+ 39. Kxf2 Rc2+
40. Rd2 Rec8 41. a4 Bb4 42. Re2 Rxe2+ 43. Kxe2 Rc2+ 44. Nd2 Kg7 45. Kd1 Rc3 46.
Nb1 Rc4 47. Bf1 Rc5 48. Bd2 Rd5 49. Bc4 Rd4 50. Bb5 h5 51. Kc2 Bxd2 52. Nxd2 g5
53. Kc3 Rd5 54. Nf3 h4 55. Nd4 f5 56. a5 f4 57. a6 fxg3 58. hxg3 h3 59. Bc4 Ra5
60. Nf3 Ra3+ 61. Kb4 Rxf3 62. a7 h2 63. a8=Q h1=Q 64. Qg8+ Kf6 1/2-1/2

[Event "Herforder SV KS 1 - SG Solingen 3"]
[Site "NRW-Klasse, Gruppe 2 2012/201"]
[Date "2013.04.07"]
[Round "8.7"]
[White "Pfeiffer, Michael"]
[Black "Hanisch, Bernd"]
[Result "0-1"]
[WhiteElo "1928"]
[BlackElo "2001"]
[PlyCount "78"]
[EventDate "2013.??.??"]
[WhiteTeam "SG Solingen 3"]
[BlackTeam "Herforder SV KS 1"]

1. d4 Nf6 2. c4 e6 3. Nc3 Bb4 4. e3 O-O 5. Bd3 d5 6. Nf3 b6 7. cxd5 exd5 8. O-O
Bg4 9. a3 Bxc3 10. bxc3 c5 11. a4 c4 12. Be2 Nc6 13. Ne1 Bxe2 14. Qxe2 Na5 15.
Ba3 Re8 16. Nf3 Nb3 17. Ra2 Ne4 18. Qc2 Rc8 19. Bc1 Re6 20. Nd2 Nbxd2 21. Bxd2
Rg6 22. f3 Nxd2 23. Qxd2 Re6 24. Qf2 Qe7 25. Re2 Re8 26. e4 Qa3 27. Rc2 Qxa4
28. e5 Qd7 29. f4 f5 30. g4 Rf8 31. Kh1 b5 32. Qe1 a5 33. Rg1 Rg6 34. gxf5
Rxg1+ 35. Kxg1 Qxf5 36. Rf2 Qg4+ 37. Kh1 Rxf4 38. Rxf4 Qxf4 39. e6 Qe4+ 0-1